Roztratených zhromažďovať Msgr. Dominikovi Hrušovskému k 25. výročiu biskupskej vysviacky

Bibliographic Details
Main Author: Vnuk, František, 1926- (Author)
Format: Article
Language:Slovak
PhysicalDescription:Fotogr.
ISSN:1336-3470
Subjects:
Online Access:http://www.kultura-fb.sk/new/old/archive/pdf/kult0208.pdf

MARC

LEADER 00000nab a2200000 a 4500
001 vtls009472042
003 SK-MaSNL
005 20260304151149.0
008 250506c2008 xo ||||||h| ||00 b|slo
015 |a SNBRB2009/02  |2 snkbucl 
035 |a (uuid)c67c89b9-979b-4851-81a0-dca6e1a9f77a 
035 |a urn:nbn:sk:snk-ab96tn 
035 |a (urnnbn)urn:nbn:sk:snk:ar-0073hj 
038 |a SNKBUCL 
040 |a SNKBUCL  |b slo  |c SNKBUCL  |e AACR2 
041 0 |a slo 
044 |a xo  |c SK 
080 |a 2-051  |2 2001 
080 |a 9289 Hrušovský, Dominik  |2 2001 
080 |a 27-726.2  |2 2001 
100 1 |a Vnuk, František,  |d 1926-  |4 aut  |9 207426 
245 1 0 |a Roztratených zhromažďovať  |b Msgr. Dominikovi Hrušovskému k 25. výročiu biskupskej vysviacky  |c František Vnuk 
300 |b Fotogr. 
600 1 7 |a Hrušovský, Dominik,  |d 1926-2016  |2 SNKMA  |9 57576 
773 0 |t Kultúra  |g Roč. XI, č. 2 (2008), s. 5  |x 1336-3470 
850 |a Slovenská národná knižnica 
852 |a Slovenská národná knižnica 
856 4 1 |u http://www.kultura-fb.sk/new/old/archive/pdf/kult0208.pdf 
954 |a odborná, vedecká literatúra pôvodná (slovenská)  |2 lita 
958 |a article13 
958 |a OND 
958 |a NT 
958 |a BX 
958 |a EUIPO 
999 |c 2941920  |d 2943850